[Event "Grand Swiss "]
[Date "2025.09.14"]
[White "Eljanov, Pavel"]
[Black "Wagner, Dennis"]
[WhiteElo "2682"]
[BlackElo "2608"]
[Round "10.10.52"]
[Result "1/2-1/2"]

1. d4 {[%clk 01:40:41] [%emt 00:00:19]} Nf6 {[%clk 01:40:44] [%emt 00:00:16]} 2.
c4 {[%clk 01:41:07] [%emt 00:00:05]} e6 {[%clk 01:40:59] [%emt 00:00:15]} 3. a3
{[%clk 01:41:27] [%emt 00:00:11]} d5 {[%clk 01:40:02] [%emt 00:01:26]} 4. cxd5
{[%clk 01:41:50] [%emt 00:00:06]} exd5 {[%clk 01:40:21] [%emt 00:00:11]} 5. Nc3
{[%clk 01:42:16] [%emt 00:00:05]} c6 {[%clk 01:34:24] [%emt 00:06:27]} 6. Bf4
{[%clk 01:42:28] [%emt 00:00:17]} Bf5 {[%clk 01:25:03] [%emt 00:09:50]} 7. e3
{[%clk 01:42:49] [%emt 00:00:11]} Nbd7 {[%clk 01:15:30] [%emt 00:10:03]} 8. f3
{[%clk 01:42:48] [%emt 00:00:31]} h5 {[%clk 01:14:09] [%emt 00:01:50]} 9. Bd3
{[%clk 01:41:40] [%emt 00:01:39]} Bxd3 {[%clk 01:14:34] [%emt 00:00:05]} 10.
Qxd3 {[%clk 01:42:06] [%emt 00:00:03]} Be7 {[%clk 01:14:37] [%emt 00:00:28]} 11.
Nge2 {[%clk 01:34:35] [%emt 00:08:01]} Nf8 {[%clk 01:00:17] [%emt 00:14:50]} 12.
e4 {[%clk 01:25:57] [%emt 00:09:08]} dxe4 {[%clk 01:00:40] [%emt 00:00:07]} 13.
fxe4 {[%clk 01:26:23] [%emt 00:00:03]} Ne6 {[%clk 01:01:04] [%emt 00:00:06]} 14.
Be3 {[%clk 01:21:31] [%emt 00:05:22]} Ng4 {[%clk 00:55:40] [%emt 00:05:54]} 15.
Bg1 {[%clk 01:16:50] [%emt 00:05:11]} Bh4+ {[%clk 00:52:57] [%emt 00:03:14]} 16.
g3 {[%clk 00:35:40] [%emt 00:41:39]} Ne5 {[%clk 00:47:31] [%emt 00:05:57]} 17.
Qd1 {[%clk 00:36:05] [%emt 00:00:05]} Nf3+ {[%clk 00:47:11] [%emt 00:00:50]} 18.
Kf2 {[%clk 00:35:27] [%emt 00:01:08]} Nfxd4 {[%clk 00:35:25] [%emt 00:12:16]}
19. Nxd4 {[%clk 00:35:52] [%emt 00:00:05]} Nxd4 {[%clk 00:35:44] [%emt
00:00:11]} 20. gxh4 {[%clk 00:36:08] [%emt 00:00:14]} Qxh4+ {[%clk 00:34:44]
[%emt 00:01:30]} 21. Kg2 {[%clk 00:36:06] [%emt 00:00:32]} Qg5+ {[%clk 00:32:09]
[%emt 00:03:05]} 22. Kf1 {[%clk 00:36:14] [%emt 00:00:22]} Qf4+ {[%clk 00:32:06]
[%emt 00:00:34]} 23. Bf2 {[%clk 00:34:43] [%emt 00:02:01]} O-O-O {[%clk
00:09:08] [%emt 00:23:28]} 24. Qd3 {[%clk 00:35:07] [%emt 00:00:06]} Nf3 {[%clk
00:06:26] [%emt 00:03:11]} 25. Qe3 {[%clk 00:32:59] [%emt 00:02:39]} Nxh2+
{[%clk 00:02:26] [%emt 00:04:30]} 26. Kg2 {[%clk 00:32:37] [%emt 00:00:52]} Qxe3
{[%clk 00:02:51] [%emt 00:00:05]} 27. Bxe3 {[%clk 00:33:01] [%emt 00:00:06]} Ng4
{[%clk 00:03:18] [%emt 00:00:02]} 28. Rae1 {[%clk 00:29:00] [%emt 00:04:32]}
Nxe3+ {[%clk 00:03:28] [%emt 00:00:20]} 29. Rxe3 {[%clk 00:29:28] [%emt
00:00:01]} Rd2+ {[%clk 00:02:47] [%emt 00:01:11]} 30. Re2 {[%clk 00:29:57] [%emt
00:00:02]} Rxe2+ {[%clk 00:01:29] [%emt 00:01:48]} 31. Nxe2 {[%clk 00:30:25]
[%emt 00:00:02]} Kd7 {[%clk 00:01:44] [%emt 00:00:16]} 32. Kf3 {[%clk 00:25:43]
[%emt 00:05:11]} Ke7 {[%clk 00:02:11] [%emt 00:00:02]} 33. Nf4 {[%clk 00:25:37]
[%emt 00:00:37]} g6 {[%clk 00:02:37] [%emt 00:00:04]} 34. e5 {[%clk 00:25:33]
[%emt 00:00:34]} Rd8 {[%clk 00:02:29] [%emt 00:00:37]} 35. Ke3 {[%clk 00:25:21]
[%emt 00:00:43]} c5 {[%clk 00:02:04] [%emt 00:00:56]} 36. Rc1 {[%clk 00:24:20]
[%emt 00:01:30]} b6 {[%clk 00:02:30] [%emt 00:00:04]} 37. b4 {[%clk 00:24:11]
[%emt 00:00:40]} cxb4 {[%clk 00:01:26] [%emt 00:01:34]} 38. axb4 {[%clk
00:24:34] [%emt 00:00:06]} h4 {[%clk 00:00:54] [%emt 00:01:02]} 39. Ke4 {[%clk
00:24:27] [%emt 00:00:37]} f5+ {[%clk 00:00:44] [%emt 00:00:41]} 40. exf6+
{[%clk 00:22:16] [%emt 00:02:40]} Kxf6 {[%clk 00:01:12] [%emt 00:00:02]} 41.
Rc6+ {[%clk 00:22:26] [%emt 00:00:21]} Kf7 {[%clk 00:40:25] [%emt 00:11:15]} 42.
Nxg6 {[%clk 01:11:14] [%emt 00:01:43]} Rd1 {[%clk 00:33:49] [%emt 00:07:06]} 43.
Kf5 {[%clk 01:03:51] [%emt 00:07:52]} Rf1+ {[%clk 00:18:23] [%emt 00:15:57]} 44.
Nf4 {[%clk 01:04:14] [%emt 00:00:07]} h3 {[%clk 00:16:50] [%emt 00:02:04]} 45.
Rc7+ {[%clk 01:00:18] [%emt 00:04:26]} Kg8 {[%clk 00:14:45] [%emt 00:02:34]} 46.
Rc2 {[%clk 01:00:43] [%emt 00:00:05]} Kf7 {[%clk 00:12:18] [%emt 00:02:57]} 47.
b5 {[%clk 00:55:01] [%emt 00:06:12]} Rb1 {[%clk 00:07:22] [%emt 00:05:26]} 48.
Rc7+ {[%clk 00:55:21] [%emt 00:00:10]} Ke8 {[%clk 00:07:29] [%emt 00:00:23]} 49.
Rh7 {[%clk 00:48:18] [%emt 00:07:32]} h2 {[%clk 00:02:49] [%emt 00:05:11]} 50.
Rxh2 {[%clk 00:48:24] [%emt 00:00:24]} Kd7 {[%clk 00:02:57] [%emt 00:00:22]} 51.
Rd2+ {[%clk 00:46:05] [%emt 00:02:49]} Kc8 {[%clk 00:03:23] [%emt 00:00:03]} 52.
Rd5 {[%clk 00:46:22] [%emt 00:00:13]} a6 {[%clk 00:03:49] [%emt 00:00:06]} 53.
bxa6 {[%clk 00:46:20] [%emt 00:00:32]} Ra1 {[%clk 00:04:17] [%emt 00:00:01]} 54.
Ne6 {[%clk 00:39:52] [%emt 00:06:58]} 1/2-1/2

[Site "Europe Echecs"]

[Event "Grand Swiss "]
[Date "2025.09.14"]
[White "Warmerdam, Max"]
[Black "Yuffa, Daniil"]
[WhiteElo "2591"]
[BlackElo "2648"]
[Round "10.10.53"]
[Result "1-0"]

1. d4 {[%clk 01:40:55] [%emt 00:00:04]} d5 {[%clk 01:40:27] [%emt 00:00:33]} 2.
c4 {[%clk 01:40:07] [%emt 00:01:19]} c6 {[%clk 01:40:41] [%emt 00:00:15]} 3.
cxd5 {[%clk 01:39:42] [%emt 00:00:56]} cxd5 {[%clk 01:41:06] [%emt 00:00:05]} 4.
Bf4 {[%clk 01:40:07] [%emt 00:00:05]} Nc6 {[%clk 01:41:06] [%emt 00:00:30]} 5.
e3 {[%clk 01:40:19] [%emt 00:00:18]} a6 {[%clk 01:40:08] [%emt 00:01:29]} 6. Bd3
{[%clk 01:37:38] [%emt 00:03:10]} Nf6 {[%clk 01:39:45] [%emt 00:00:53]} 7. Nc3
{[%clk 01:37:01] [%emt 00:01:07]} Bg4 {[%clk 01:39:30] [%emt 00:00:45]} 8. Nge2
{[%clk 01:34:00] [%emt 00:03:31]} e6 {[%clk 01:38:41] [%emt 00:01:18]} 9. O-O
{[%clk 01:34:11] [%emt 00:00:19]} Bd6 {[%clk 01:28:40] [%emt 00:10:32]} 10. Bxd6
{[%clk 01:34:34] [%emt 00:00:07]} Qxd6 {[%clk 01:29:04] [%emt 00:00:06]} 11. h3
{[%clk 01:35:00] [%emt 00:00:03]} Bxe2 {[%clk 01:25:47] [%emt 00:03:48]} 12.
Bxe2 {[%clk 01:35:02] [%emt 00:00:28]} O-O {[%clk 01:24:22] [%emt 00:01:55]} 13.
Rc1 {[%clk 01:30:27] [%emt 00:05:05]} Rfe8 {[%clk 01:13:00] [%emt 00:11:52]} 14.
Na4 {[%clk 01:28:01] [%emt 00:02:57]} e5 {[%clk 01:06:13] [%emt 00:07:18]} 15.
dxe5 {[%clk 01:26:40] [%emt 00:01:50]} Rxe5 {[%clk 01:03:54] [%emt 00:02:49]}
16. Nc5 {[%clk 01:16:42] [%emt 00:10:28]} Re7 {[%clk 01:00:47] [%emt 00:03:37]}
17. Qb3 {[%clk 01:06:16] [%emt 00:10:55]} b5 {[%clk 00:55:35] [%emt 00:05:42]}
18. Rfd1 {[%clk 01:04:36] [%emt 00:02:10]} h6 {[%clk 00:48:43] [%emt 00:07:23]}
19. Bf3 {[%clk 00:58:54] [%emt 00:06:11]} Na5 {[%clk 00:46:22] [%emt 00:02:52]}
20. Qc3 {[%clk 00:56:24] [%emt 00:03:00]} Nc4 {[%clk 00:44:28] [%emt 00:02:24]}
21. Nd3 {[%clk 00:52:12] [%emt 00:04:41]} Ne5 {[%clk 00:33:16] [%emt 00:11:42]}
22. Nxe5 {[%clk 00:52:00] [%emt 00:00:42]} Rxe5 {[%clk 00:33:20] [%emt
00:00:27]} 23. Rd3 {[%clk 00:43:45] [%emt 00:08:45]} Rd8 {[%clk 00:31:24] [%emt
00:02:26]} 24. Qa5 {[%clk 00:36:03] [%emt 00:08:12]} Rd7 {[%clk 00:27:32] [%emt
00:04:22]} 25. Rc8+ {[%clk 00:32:53] [%emt 00:03:40]} Kh7 {[%clk 00:27:57] [%emt
00:00:06]} 26. Qc3 {[%clk 00:32:41] [%emt 00:00:41]} Re6 {[%clk 00:25:24] [%emt
00:03:03]} 27. Rd4 {[%clk 00:30:09] [%emt 00:03:02]} Qe5 {[%clk 00:23:35] [%emt
00:02:18]} 28. Rc5 {[%clk 00:25:12] [%emt 00:05:28]} Qf5 {[%clk 00:19:05] [%emt
00:05:00]} 29. a3 {[%clk 00:24:39] [%emt 00:01:03]} Qb1+ {[%clk 00:17:13] [%emt
00:02:22]} 30. Bd1 {[%clk 00:18:21] [%emt 00:06:48]} g6 {[%clk 00:14:52] [%emt
00:02:51]} 31. Rc8 {[%clk 00:17:24] [%emt 00:01:27]} Kg7 {[%clk 00:12:40] [%emt
00:02:43]} 32. Kh2 {[%clk 00:08:59] [%emt 00:08:54]} Qf5 {[%clk 00:12:50] [%emt
00:00:20]} 33. Bf3 {[%clk 00:09:09] [%emt 00:00:20]} h5 {[%clk 00:08:36] [%emt
00:04:44]} 34. Rc5 {[%clk 00:08:39] [%emt 00:00:59]} Kh7 {[%clk 00:07:46] [%emt
00:01:20]} 35. Rf4 {[%clk 00:07:37] [%emt 00:01:33]} d4 {[%clk 00:06:32] [%emt
00:01:44]} 36. Rxd4 {[%clk 00:07:36] [%emt 00:00:32]} Re5 {[%clk 00:06:36] [%emt
00:00:25]} 37. Rc6 {[%clk 00:06:16] [%emt 00:01:50]} Rxd4 {[%clk 00:06:05] [%emt
00:01:01]} 38. Qxd4 {[%clk 00:06:38] [%emt 00:00:08]} a5 {[%clk 00:05:30] [%emt
00:01:05]} 39. Qa7 {[%clk 00:05:55] [%emt 00:01:13]} Kg7 {[%clk 00:05:16] [%emt
00:00:44]} 40. Qd4 {[%clk 00:01:21] [%emt 00:05:04]} g5 {[%clk 00:04:05] [%emt
00:01:41]} 41. Bd1 {[%clk 00:33:26] [%emt 00:18:25]} g4 {[%clk 00:50:13] [%emt
00:04:21]} 42. f4 {[%clk 00:29:05] [%emt 00:04:51]} gxf3 {[%clk 00:43:32] [%emt
00:07:12]} 43. Bxf3 {[%clk 00:28:48] [%emt 00:00:46]} Qg5 {[%clk 00:35:17] [%emt
00:08:46]} 44. Qf4 {[%clk 00:27:03] [%emt 00:02:15]} h4 {[%clk 00:34:13] [%emt
00:01:33]} 45. Rb6 {[%clk 00:18:37] [%emt 00:08:56]} Qxf4+ {[%clk 00:30:58]
[%emt 00:03:45]} 46. exf4 {[%clk 00:19:02] [%emt 00:00:05]} Rc5 {[%clk 00:31:22]
[%emt 00:00:06]} 47. b4 {[%clk 00:16:50] [%emt 00:02:42]} axb4 {[%clk 00:31:47]
[%emt 00:00:06]} 48. axb4 {[%clk 00:17:17] [%emt 00:00:02]} Rf5 {[%clk 00:22:48]
[%emt 00:09:29]} 49. g3 {[%clk 00:09:52] [%emt 00:07:55]} Ne8 {[%clk 00:16:12]
[%emt 00:07:07]} 50. Be4 {[%clk 00:09:35] [%emt 00:00:47]} hxg3+ {[%clk
00:15:59] [%emt 00:00:43]} 51. Kxg3 {[%clk 00:10:01] [%emt 00:00:03]} Rh5 {[%clk
00:16:15] [%emt 00:00:14]} 52. Bf3 {[%clk 00:10:21] [%emt 00:00:11]} Rh6 {[%clk
00:13:36] [%emt 00:03:09]} 53. Rxb5 {[%clk 00:10:45] [%emt 00:00:05]} Nd6 {[%clk
00:12:53] [%emt 00:01:14]} 54. Rd5 {[%clk 00:10:02] [%emt 00:01:13]} Kf8 {[%clk
00:12:34] [%emt 00:00:49]} 55. b5 {[%clk 00:09:51] [%emt 00:00:41]} Rg6+ {[%clk
00:10:08] [%emt 00:02:55]} 56. Kf2 {[%clk 00:10:06] [%emt 00:00:15]} Rf6 {[%clk
00:10:04] [%emt 00:00:34]} 57. b6 {[%clk 00:10:08] [%emt 00:00:29]} Ke7 {[%clk
00:10:27] [%emt 00:00:07]} 58. Rd4 {[%clk 00:10:11] [%emt 00:00:27]} Kd7 {[%clk
00:07:01] [%emt 00:03:56]} 59. b7 {[%clk 00:07:54] [%emt 00:02:47]} Kc7 {[%clk
00:07:28] [%emt 00:00:03]} 60. Rb4 {[%clk 00:08:19] [%emt 00:00:04]} Kb8 {[%clk
00:07:47] [%emt 00:00:11]} 61. h4 {[%clk 00:08:26] [%emt 00:00:24]} Rf5 {[%clk
00:06:56] [%emt 00:01:21]} 62. Rb6 {[%clk 00:06:36] [%emt 00:02:20]} 1-0

[Site "Europe Echecs"]

[Event "Grand Swiss "]
[Date "2025.09.14"]
[White "Jobava, Baadur"]
[Black "Martirosyan, Haik M."]
[WhiteElo "2590"]
[BlackElo "2628"]
[Round "10.10.54"]
[Result "0-1"]

1. d4 {[%clk 01:40:30] [%emt 00:00:29]} Nf6 {[%clk 01:40:53] [%emt 00:00:07]} 2.
c4 {[%clk 01:40:15] [%emt 00:00:46]} e6 {[%clk 01:41:16] [%emt 00:00:06]} 3. Nc3
{[%clk 01:38:59] [%emt 00:01:46]} Bb4 {[%clk 01:41:16] [%emt 00:00:30]} 4. Qc2
{[%clk 01:38:36] [%emt 00:00:53]} O-O {[%clk 01:41:31] [%emt 00:00:16]} 5. e4
{[%clk 01:38:35] [%emt 00:00:31]} d5 {[%clk 01:41:27] [%emt 00:00:34]} 6. e5
{[%clk 01:38:43] [%emt 00:00:21]} Ne4 {[%clk 01:41:50] [%emt 00:00:07]} 7. a3
{[%clk 01:38:46] [%emt 00:00:27]} Bxc3+ {[%clk 01:41:29] [%emt 00:00:51]} 8.
bxc3 {[%clk 01:39:07] [%emt 00:00:09]} c5 {[%clk 01:41:02] [%emt 00:00:57]} 9.
Ne2 {[%clk 01:39:16] [%emt 00:00:21]} cxd4 {[%clk 01:39:44] [%emt 00:01:48]} 10.
Nxd4 {[%clk 01:39:35] [%emt 00:00:11]} Qa5 {[%clk 01:27:03] [%emt 00:13:11]} 11.
Be3 {[%clk 01:01:21] [%emt 00:38:44]} dxc4 {[%clk 01:17:36] [%emt 00:09:58]} 12.
Bxc4 {[%clk 00:45:31] [%emt 00:16:20]} Qxe5 {[%clk 01:13:57] [%emt 00:04:09]}
13. O-O {[%clk 00:44:42] [%emt 00:01:19]} Nf6 {[%clk 01:14:06] [%emt 00:00:20]}
14. Be2 {[%clk 00:39:16] [%emt 00:05:56]} Nd5 {[%clk 01:05:09] [%emt 00:09:28]}
15. Bd2 {[%clk 00:39:11] [%emt 00:00:35]} Bd7 {[%clk 01:01:20] [%emt 00:04:20]}
16. Rab1 {[%clk 00:34:15] [%emt 00:05:25]} Qc7 {[%clk 00:50:26] [%emt 00:11:24]}
17. c4 {[%clk 00:31:52] [%emt 00:02:52]} Nf6 {[%clk 00:48:23] [%emt 00:02:33]}
18. Bf3 {[%clk 00:20:36] [%emt 00:11:46]} Nc6 {[%clk 00:45:01] [%emt 00:03:53]}
19. Nb5 {[%clk 00:19:40] [%emt 00:01:26]} Qb8 {[%clk 00:43:48] [%emt 00:01:42]}
20. Bc3 {[%clk 00:17:02] [%emt 00:03:07]} Ne5 {[%clk 00:43:01] [%emt 00:01:18]}
21. Bxb7 {[%clk 00:16:10] [%emt 00:01:22]} Neg4 {[%clk 00:42:29] [%emt
00:01:01]} 22. Rfd1 {[%clk 00:10:30] [%emt 00:06:11]} Qxh2+ {[%clk 00:37:33]
[%emt 00:05:27]} 23. Kf1 {[%clk 00:10:54] [%emt 00:00:05]} Rab8 {[%clk 00:35:31]
[%emt 00:02:32]} 24. Bf3 {[%clk 00:10:48] [%emt 00:00:36]} a6 {[%clk 00:33:53]
[%emt 00:02:08]} 25. Bxf6 {[%clk 00:09:18] [%emt 00:02:00]} Nxf6 {[%clk
00:32:55] [%emt 00:01:27]} 26. Nc3 {[%clk 00:09:42] [%emt 00:00:07]} Rbc8 {[%clk
00:31:57] [%emt 00:01:29]} 27. Qd3 {[%clk 00:08:32] [%emt 00:01:39]} Bc6 {[%clk
00:30:23] [%emt 00:02:04]} 28. Rb6 {[%clk 00:07:32] [%emt 00:01:31]} Bxf3 {[%clk
00:30:09] [%emt 00:00:44]} 29. Qxf3 {[%clk 00:07:55] [%emt 00:00:07]} Rxc4
{[%clk 00:29:30] [%emt 00:01:09]} 30. Rxa6 {[%clk 00:08:18] [%emt 00:00:07]} Rf4
{[%clk 00:27:24] [%emt 00:02:36]} 31. Qh3 {[%clk 00:07:48] [%emt 00:00:59]} Qxh3
{[%clk 00:27:42] [%emt 00:00:13]} 32. gxh3 {[%clk 00:08:12] [%emt 00:00:06]} Rf3
{[%clk 00:28:09] [%emt 00:00:03]} 33. Rc6 {[%clk 00:08:10] [%emt 00:00:32]} Rxh3
{[%clk 00:28:11] [%emt 00:00:28]} 34. a4 {[%clk 00:08:35] [%emt 00:00:05]} Rh5
{[%clk 00:27:00] [%emt 00:01:41]} 35. Nb5 {[%clk 00:07:50] [%emt 00:01:16]} g6
{[%clk 00:25:12] [%emt 00:02:17]} 36. Rdc1 {[%clk 00:07:47] [%emt 00:00:33]} Nd5
{[%clk 00:24:36] [%emt 00:01:06]} 37. Ke2 {[%clk 00:07:50] [%emt 00:00:27]} Re5+
{[%clk 00:21:37] [%emt 00:03:30]} 38. Kd2 {[%clk 00:07:48] [%emt 00:00:32]} Kg7
{[%clk 00:20:59] [%emt 00:01:08]} 0-1

[Site "Europe Echecs"]

[Event "Grand Swiss "]
[Date "2025.09.14"]
[White "Santos Latasa, Jaime"]
[Black "Nigmatov, Ortik"]
[WhiteElo "2620"]
[BlackElo "2488"]
[Round "10.10.55"]
[Result "1-0"]

1. e4 {[%clk 01:40:57] [%emt 00:00:02]} e5 {[%clk 01:40:52] [%emt 00:00:09]} 2.
Nf3 {[%clk 01:41:13] [%emt 00:00:15]} Nc6 {[%clk 01:41:12] [%emt 00:00:09]} 3.
Bb5 {[%clk 01:41:38] [%emt 00:00:05]} a6 {[%clk 01:41:34] [%emt 00:00:07]} 4.
Ba4 {[%clk 01:42:04] [%emt 00:00:05]} Nf6 {[%clk 01:41:58] [%emt 00:00:06]} 5.
O-O {[%clk 01:42:29] [%emt 00:00:05]} Bc5 {[%clk 01:42:10] [%emt 00:00:17]} 6.
c3 {[%clk 01:41:09] [%emt 00:01:52]} O-O {[%clk 01:41:52] [%emt 00:00:48]} 7. d4
{[%clk 01:40:58] [%emt 00:00:42]} Ba7 {[%clk 01:42:15] [%emt 00:00:07]} 8. Re1
{[%clk 01:40:23] [%emt 00:01:05]} b5 {[%clk 01:39:33] [%emt 00:03:11]} 9. Bc2
{[%clk 01:39:55] [%emt 00:00:59]} d6 {[%clk 01:37:30] [%emt 00:02:33]} 10. h3
{[%clk 01:38:28] [%emt 00:01:56]} h6 {[%clk 01:37:15] [%emt 00:00:46]} 11. Be3
{[%clk 01:36:17] [%emt 00:02:41]} Re8 {[%clk 01:29:14] [%emt 00:08:30]} 12. Nbd2
{[%clk 01:34:22] [%emt 00:02:25]} Bb7 {[%clk 01:26:52] [%emt 00:02:52]} 13. d5
{[%clk 01:20:19] [%emt 00:14:34]} Ne7 {[%clk 01:25:02] [%emt 00:02:20]} 14. Bxa7
{[%clk 01:20:03] [%emt 00:00:46]} Rxa7 {[%clk 01:25:27] [%emt 00:00:05]} 15. a4
{[%clk 01:20:28] [%emt 00:00:05]} Ra8 {[%clk 01:24:12] [%emt 00:01:45]} 16. c4
{[%clk 01:16:56] [%emt 00:04:03]} c6 {[%clk 01:18:19] [%emt 00:06:22]} 17. b3
{[%clk 01:13:52] [%emt 00:03:34]} b4 {[%clk 01:12:04] [%emt 00:06:45]} 18. Nf1
{[%clk 01:11:17] [%emt 00:03:04]} c5 {[%clk 01:08:24] [%emt 00:04:10]} 19. Ne3
{[%clk 01:10:10] [%emt 00:01:37]} Ng6 {[%clk 01:07:25] [%emt 00:01:29]} 20. g3
{[%clk 01:10:17] [%emt 00:00:23]} Bc8 {[%clk 01:07:39] [%emt 00:00:15]} 21. Kg2
{[%clk 01:10:42] [%emt 00:00:05]} Nf8 {[%clk 01:03:38] [%emt 00:04:31]} 22. Qe2
{[%clk 01:09:19] [%emt 00:01:53]} g6 {[%clk 00:54:32] [%emt 00:09:36]} 23. Rh1
{[%clk 01:06:28] [%emt 00:03:21]} N8h7 {[%clk 00:54:28] [%emt 00:00:33]} 24. Nd2
{[%clk 01:03:02] [%emt 00:03:57]} h5 {[%clk 00:42:18] [%emt 00:12:40]} 25. Raf1
{[%clk 00:58:59] [%emt 00:04:33]} h4 {[%clk 00:40:50] [%emt 00:01:57]} 26. Nf3
{[%clk 00:58:02] [%emt 00:01:27]} hxg3 {[%clk 00:33:48] [%emt 00:07:33]} 27.
fxg3 {[%clk 00:58:23] [%emt 00:00:10]} Nh5 {[%clk 00:31:20] [%emt 00:02:57]} 28.
Qd2 {[%clk 00:57:43] [%emt 00:01:10]} Qf6 {[%clk 00:20:49] [%emt 00:11:00]} 29.
h4 {[%clk 00:48:59] [%emt 00:09:15]} Qd8 {[%clk 00:16:27] [%emt 00:04:52]} 30.
Rf2 {[%clk 00:48:15] [%emt 00:01:13]} Ra7 {[%clk 00:16:32] [%emt 00:00:27]} 31.
Nh2 {[%clk 00:46:08] [%emt 00:02:37]} N7f6 {[%clk 00:16:31] [%emt 00:00:31]} 32.
Rhf1 {[%clk 00:42:48] [%emt 00:03:50]} Kg7 {[%clk 00:14:19] [%emt 00:02:42]} 33.
Rf3 {[%clk 00:42:31] [%emt 00:00:47]} Rh8 {[%clk 00:11:56] [%emt 00:02:53]} 34.
R1f2 {[%clk 00:38:27] [%emt 00:04:34]} Qd7 {[%clk 00:07:59] [%emt 00:04:26]} 35.
Kg1 {[%clk 00:36:34] [%emt 00:02:23]} Qd8 {[%clk 00:08:20] [%emt 00:00:09]} 36.
Kf1 {[%clk 00:35:22] [%emt 00:01:41]} Bh3+ {[%clk 00:06:42] [%emt 00:02:08]} 37.
Ke1 {[%clk 00:35:07] [%emt 00:00:45]} Bc8 {[%clk 00:06:37] [%emt 00:00:35]} 38.
Kd1 {[%clk 00:35:05] [%emt 00:00:32]} a5 {[%clk 00:07:03] [%emt 00:00:05]} 39.
Kc1 {[%clk 00:35:29] [%emt 00:00:06]} Rc7 {[%clk 00:07:09] [%emt 00:00:24]} 40.
Rf1 {[%clk 00:33:56] [%emt 00:02:02]} Bh3 {[%clk 00:02:36] [%emt 00:05:04]} 41.
Rg1 {[%clk 00:31:55] [%emt 00:02:30]} Bc8 {[%clk 00:48:25] [%emt 00:04:40]} 42.
Rf2 {[%clk 01:21:33] [%emt 00:00:53]} Ra7 {[%clk 00:46:25] [%emt 00:02:31]} 43.
Qd3 {[%clk 01:21:14] [%emt 00:00:48]} Rc7 {[%clk 00:39:03] [%emt 00:07:53]} 44.
Bd1 {[%clk 01:20:32] [%emt 00:01:11]} Ra7 {[%clk 00:36:42] [%emt 00:02:52]} 45.
Ng2 {[%clk 01:17:39] [%emt 00:03:22]} Qe7 {[%clk 00:30:42] [%emt 00:06:31]} 46.
Qe3 {[%clk 01:11:25] [%emt 00:06:44]} Rc7 {[%clk 00:26:57] [%emt 00:04:15]} 47.
Ne1 {[%clk 01:06:25] [%emt 00:05:30]} Qe8 {[%clk 00:15:20] [%emt 00:12:06]} 48.
Nd3 {[%clk 01:06:21] [%emt 00:00:36]} Qe7 {[%clk 00:14:25] [%emt 00:01:25]} 49.
Bf3 {[%clk 01:00:31] [%emt 00:06:19]} Qe8 {[%clk 00:13:50] [%emt 00:01:06]} 50.
Qe2 {[%clk 00:52:39] [%emt 00:08:21]} Qe7 {[%clk 00:13:31] [%emt 00:00:49]} 51.
Nf1 {[%clk 00:51:05] [%emt 00:02:04]} Bh3 {[%clk 00:12:21] [%emt 00:01:39]} 52.
Ne3 {[%clk 00:51:01] [%emt 00:00:35]} Bc8 {[%clk 00:12:45] [%emt 00:00:06]} 53.
Rh2 {[%clk 00:49:19] [%emt 00:02:11]} Qe8 {[%clk 00:12:43] [%emt 00:00:33]} 54.
Nd1 {[%clk 00:49:10] [%emt 00:00:39]} Ra7 {[%clk 00:10:01] [%emt 00:03:13]} 55.
N1f2 {[%clk 00:49:17] [%emt 00:00:22]} Qe7 {[%clk 00:06:48] [%emt 00:03:43]} 56.
Qd2 {[%clk 00:49:30] [%emt 00:00:15]} Rh7 {[%clk 00:02:33] [%emt 00:04:47]} 57.
Be2 {[%clk 00:46:37] [%emt 00:03:23]} Rh8 {[%clk 00:02:32] [%emt 00:00:31]} 58.
g4 {[%clk 00:45:52] [%emt 00:01:15]} Nf4 {[%clk 00:02:24] [%emt 00:00:38]} 59.
Nxf4 {[%clk 00:46:16] [%emt 00:00:06]} exf4 {[%clk 00:02:52] [%emt 00:00:03]}
60. Qxf4 {[%clk 00:46:39] [%emt 00:00:07]} Nd7 {[%clk 00:01:58] [%emt 00:01:25]}
61. g5 {[%clk 00:46:21] [%emt 00:00:47]} Ne5 {[%clk 00:12:28] [%emt 00:05:00]}
62. Nd3 {[%clk 00:57:16] [%emt 00:04:36]} Bd7 {[%clk 00:03:13] [%emt 00:09:44]}
63. Rf1 {[%clk 00:56:29] [%emt 00:01:16]} Kf8 {[%clk 00:02:58] [%emt 00:00:46]}
64. Nxe5 {[%clk 00:54:14] [%emt 00:02:45]} dxe5 {[%clk 00:02:55] [%emt
00:00:32]} 65. Qf6 {[%clk 00:52:58] [%emt 00:01:46]} Qxf6 {[%clk 00:03:16] [%emt
00:00:10]} 66. Rxf6 {[%clk 00:53:20] [%emt 00:00:07]} Ke7 {[%clk 00:03:28] [%emt
00:00:18]} 67. Kd2 {[%clk 00:53:21] [%emt 00:00:29]} Rh7 {[%clk 00:03:28] [%emt
00:00:30]} 68. Ke3 {[%clk 00:53:39] [%emt 00:00:13]} Rh8 {[%clk 00:03:36] [%emt
00:00:22]} 69. Kf2 {[%clk 00:53:41] [%emt 00:00:28]} Rha8 {[%clk 00:02:45] [%emt
00:01:21]} 70. Kg3 {[%clk 00:52:52] [%emt 00:01:19]} Ra6 {[%clk 00:02:53] [%emt
00:00:23]} 71. Rhf2 {[%clk 00:53:17] [%emt 00:00:04]} Be8 {[%clk 00:03:19] [%emt
00:00:04]} 72. h5 {[%clk 00:53:25] [%emt 00:00:22]} gxh5 {[%clk 00:03:41] [%emt
00:00:08]} 73. Bxh5 {[%clk 00:53:46] [%emt 00:00:09]} R8a7 {[%clk 00:03:31]
[%emt 00:00:40]} 74. R6f5 {[%clk 00:54:01] [%emt 00:00:15]} 1-0

[Site "Europe Echecs"]